Diplomacy of Teutonic Knights in France, Flanders and England in the first half of the 1380s. Credentials of Grand Master Konrad Zöllner von Rottenstein for Steward of Malbork (Marienburg) Heinrich von Allen of 26 January, 1383
| Titel: | Diplomacy of Teutonic Knights in France, Flanders and England in the first half of the 1380s. Credentials of Grand Master Konrad Zöllner von Rottenstein for Steward of Malbork (Marienburg) Heinrich von Allen of 26 January, 1383 / A Szweda ; S Szybkowski |
|---|---|
| Verfasser: | |
| Beteiligt: | |
| In: |
Przegla̜d historyczny, Heft 2 (2014), Seite 263-282 alle Artikel anzeigen |
| Veröffentlicht: | 2014 |
| Format: | Aufsatz |
| Sprache: | Englisch |
X
alg: 43159068 001A $06052:18-05-18 001B $06052:18-05-18 $t22:43:07.000 001C $03025:18-05-18 $t10:58:41.000 001D $06052:18-05-18 001U $0utf8 001X $00 002@ $0Aox 003@ $0431590680 006N $000167682 007A $0431590680 $aHEB 007D $asw140927 007I $0swets178739528 010@ $aeng 011@ $a2014 021A $aDiplomacy of Teutonic Knights in France, Flanders and England in the first half of the 1380s. Credentials of Grand Master Konrad Zöllner von Rottenstein for Steward of Malbork (Marienburg) Heinrich von Allen of 26 January, 1383 $hA Szweda ; S Szybkowski 028A $aSzweda $dA 028B/01 $aSzybkowski $dS 031A $e2 $g20 $h263-282 $j2014 039B $aIn $8--Abvc--. Przegla̜d historyczny. - Warszawa : Wydawnictwo DiG, 1905-. - ISSN 0033-2186 $x201400000000002737 $9047456078 045T $a7,41 lok: 43159068 78 exp: 43159068 78 1 #EPN 201B/01 $018-05-18 $t22:43:07.000 201C/01 $018-05-18 201U/01 $0utf8 203@/01 $01022047558 208@/01 $a18-05-18 $be 209A/01 $a/ $f000 $x00 209A/01 $ab*p $x01 220C/01 $apgar 244Z/01 $#Generalgouvernement Polen $#Polska $#Rzeczpospolita Polska $#Polska Rzeczpospolita Ludowa $#Poland $#Pologne $#République Polonaise $#Generalne Gubernatorstwo w Polsce $#Polish People's Republic $#Polska Rzeczpospolita Polen $#PRL $#RP $#Polen Generalgouvernement $#Polska Generalgouvernement $#Besetzte Polnische Gebiete $#Besetztes Gebiet in Polen $#Okupowane Polskie Obszary $#Obszary Okupowane w Polsce $#Volksrepublik Polen $#Polska Rosyjska $#Republic Polen $#Respublika Pol'ša $#Pol'skaja Narodnaja Respublika $#République de Pologne $#Polen Links der Weichsel $#Polska po Lewej Stronie Wisły $#Lenkija $#Polija $#Gubernija Carstva Pol'skago $#Republik Polen $74046496-9 $8--Tg1--Polen $x01 $9085129801 244Z/01 $#Preußen $#Preußen $#Brandenburg-Preußen $#Königreich Preußen $#Preußische Staaten $#Preußischer Staat $#Der @Preußische Staat $#Königlich Preußische Staaten $#Prusy Królewskie $#Königlich Preußen $#Prussia $74047194-9 $8--Tg1--Preußen $x02 $9085131652 247C/01 $82080>Marburg/Lahn, Herder-Institut, Forschungsbibliothek, Bibliographieportal $9336309341
| LEADER | 00000naa a22000002c 4500 | ||
|---|---|---|---|
| 001 | 431590680 | ||
| 003 | DE-603 | ||
| 005 | 20180518224307.0 | ||
| 007 | tu | ||
| 008 | 180518s2014 xx |||| | u00||u|eng c | ||
| 035 | |a (DE-599)HEB431590680 | ||
| 035 | |a (NL-LiSWE)00167682 | ||
| 040 | |a DE-603 |b ger |c DE-603 |d DE-603 | ||
| 041 | |a eng | ||
| 084 | |a 7,41 |2 ssgn | ||
| 100 | 1 | |a Szweda, A | |
| 245 | 0 | 0 | |a Diplomacy of Teutonic Knights in France, Flanders and England in the first half of the 1380s. Credentials of Grand Master Konrad Zöllner von Rottenstein for Steward of Malbork (Marienburg) Heinrich von Allen of 26 January, 1383 |c A Szweda ; S Szybkowski |
| 264 | 0 | |c 2014 | |
| 700 | 1 | |a Szybkowski, S | |
| 773 | 0 | 8 | |i In |t Przegla̜d historyczny |d Warszawa : Wydawnictwo DiG, 1905- |x 0033-2186 |g Heft 2 (2014), Seite 263-282 |w (DE-603)047456078 |w (DE-600)281539-4 |
| 924 | 0 | |9 2080 |a (DE-603)1022047558 |b DE-2080 |c HES |d d |g / | |


